Ponce : la capital alterna, sociología de la sociedad civil y la cultura urbana en la historia de la relación entre clase, "raza" y nación en Puerto Rico /

Salvato in:
Dettagli Bibliografici
Autore principale: Quintero Rivera, Ángel G.
Altri autori: Scarano, Francisco A. (introducción)
Natura: Sconosciuto
Lingua:Spanish
Pubblicazione: Ponce, Puerto Rico : Centro de Investigaciones Sociales, Universidad de Puerto Rico, 2003.
Edizione:1. edición
Soggetti:
Tags: Aggiungi Tag
Nessun Tag, puoi essere il primo ad aggiungerne!!

MARC

LEADER 000000000a22000000004500
001 003752
020 |a 0965016277 
041 0 |a spa 
082 0 4 |a 972.957   |b Q7p 
100 1 |a Quintero Rivera, Ángel G. 
245 1 0 |a Ponce :   |b la capital alterna, sociología de la sociedad civil y la cultura urbana en la historia de la relación entre clase, "raza" y nación en Puerto Rico /   |c Ángel G. Quintero Rivera ; Francisco A. Scarano, introducción. 
250 |a 1. edición 
260 1 |a Ponce, Puerto Rico :   |b Centro de Investigaciones Sociales, Universidad de Puerto Rico,   |c 2003. 
300 |a 133 páginas :   |b ilustraciones, música 
650 4 |a PUERTO RICO 
650 4 |a HISTORIA 
700 1 |a Scarano, Francisco A.,   |e introducción 
999 |c 10183  |d 10183 
942 |c BK  |h 972.957 Q7p  |2 z